000 00292nam a2200121Ia 4500
008 190216s9999||||xx |||||||||||||| ||und||
100 _aKedamangalam Sadanandan
245 0 _aKavikalude Kesari
260 _bCurrent Books
_c1959
300 _a107p
650 _aMalayalam Kavitha
942 _cBK
999 _c23635
_d23635